| 000 | 00482nam a22001577a 4500 | ||
|---|---|---|---|
| 003 | macl | ||
| 005 | 20241024120059.0 | ||
| 008 | 241024b |||||||| |||| 00| 0 eng d | ||
| 040 | _cmacl | ||
| 082 | _a891.431/DIN | ||
| 100 |
_aदिनकर ,रामधारी सिंह _982889 |
||
| 245 | _aकुरूक्षेत्र ! | ||
| 260 |
_aदिल्ली _bराजपाल पब्लिकैशन _c2023 |
||
| 650 | _aकविता | ||
| 942 |
_2ddc _cHIN |
||
| 999 |
_c67604 _d67604 |
||